[Event "Seefeld op 14th"]
[Site "Seefeld"]
[Date "2003.09.15"]
[Round "3"]
[White "Fischer, Roger"]
[Black "Mauracher, Dieter"]
[Result "1/2-1/2"]
[WhiteElo "2164"]
[BlackElo "1984"]
[PlyCount "43"]
[EventDate "2003.09.13"]
[EventType "swiss"]
[EventRounds "9"]
[EventCountry "AUT"]
[SourceTitle "CBM 097 Extra"]
[Source "ChessBase"]
[SourceDate "2004.01.13"]
[SourceVersion "1"]
[SourceVersionDate "2004.01.13"]
[SourceQuality "1"]

1. Nf3 f5 2. c4 Nf6 3. g3 g6 4. Bg2 Bg7 5. 0-0 0-0 6. Nc3 d6 7. d4 c6 8. b3 Na6 9. Bb2 Nc7 10. e3 Qe8 11. Qc2 Bd7 12. Rad1 h6 13. Ne1 Rd8 14. Nd3 d5 15. Ne5 Be6 16. Na4 Nd7 17. cxd5 Bxd5 18. Nxd7 Qxd7 19. Nc5 Qc8 20. f3 Bf7 21. Nd3 Nd5 22. Rfe1 1/2-1/2

[Event "Seefeld op 14th"]
[Site "Seefeld"]
[Date "2003.09.14"]
[Round "2"]
[White "Mauracher, Dieter"]
[Black "Reefschlaeger, Helmut"]
[Result "1/2-1/2"]
[WhiteElo "1984"]
[BlackElo "2323"]
[PlyCount "75"]
[EventDate "2003.09.13"]
[EventType "swiss"]
[EventRounds "9"]
[EventCountry "AUT"]
[SourceTitle "CBM 097 Extra"]
[Source "ChessBase"]
[SourceDate "2004.01.13"]
[SourceVersion "1"]
[SourceVersionDate "2004.01.13"]
[SourceQuality "1"]

1. e4 e6 2. d3 d5 3. Nd2 Nf6 4. g3 dxe4 5. dxe4 Bc5 6. Bg2 e5 7. Ngf3 Nc6 8. 0-0 0-0 9. c3 a5 10. Qc2 b6 11. Nc4 Ba6 12. Rd1 Qc8 13. Ncxe5 Nxe5 14. Nxe5 Qe6 15. Nd3 Bxd3 16. Qxd3 Rae8 17. Be3 Bxe3 18. Qxe3 Nxe4 19. Qxe4 Qxe4 20. Bxe4 Rxe4 21. Re1 Rfe8 22. Kf1 Kf8 23. Rad1 Rxe1+ 24. Rxe1 Rd8 25. Ke2 Ke7 26. Rd1 Rxd1 27. Kxd1 Kd6 28. Kd2 Ke5 29. Ke3 g5 30. f3 b5 31. b3 f6 32. Kd3 h5 33. Ke3 f5 34. f4+ gxf4+ 35. gxf4+ Kd5 36. Kd3 Kc5 37. a3 c6 38. c4 1/2-1/2

[Event "Seefeld op 08th"]
[Site "Seefeld"]
[Date "1997.??.??"]
[Round "?"]
[White "Mauracher, Dieter"]
[Black "Rahls, Peter"]
[Result "0-1"]
[WhiteElo "1850"]
[BlackElo "2245"]
[PlyCount "100"]
[EventDate "1997.09.??"]
[EventType "swiss"]
[EventRounds "9"]
[EventCountry "AUT"]
[SourceTitle "EXT 2000"]
[Source "ChessBase"]
[SourceDate "1999.11.16"]
[SourceVersion "1"]
[SourceVersionDate "1999.11.16"]
[SourceQuality "1"]

1. e4 c5 2. Nf3 e6 3. d4 cxd4 4. Nxd4 Nf6 5. Nc3 d6 6. Be3 a6 7. f3 d5 8. exd5 Nxd5 9. Nxd5 Qxd5 10. Nb3 Qe5 11. Qd4 Qxd4 12. Nxd4 Bd7 13. Bd3 Nc6 14. Nxc6 Bxc6 15. Kf2 Be7 16. Rad1 0-0-0 17. Be2 Bf6 18. c3 Kc7 19. Rxd8 Rxd8 20. Rd1 Rxd1 21. Bxd1 b5 22. a3 Bd5 23. Bc2 g6 24. Bd4 e5 25. Be3 Be7 26. g4 a5 27. Ke2 a4 28. Be4 Kd6 29. Bxd5 Kxd5 30. Kd3 f5 31. h3 h5 32. gxf5 gxf5 33. Bh6 Bc5 34. Bg5 e4+ 35. fxe4+ fxe4+ 36. Kc2 Kc4 37. Bh4 Be3 38. Bg3 Bg5 39. h4 Be7 40. Bf2 Bd6 41. Be3 Bg3 42. Bg5 Bf2 43. Kd2 Kb3 44. Bf6 Kxb2 45. c4+ Kxa3 46. Be7+ Kb3 47. cxb5 a3 48. Bf6 a2 49. Be5 Bb6 50. Bf6 Ba5+ 0-1